[Event "Norrkoeping Easter op"]
[Site "Norrkoeping"]
[Date "2024.03.31"]
[Round "6"]
[White "Johnson, Daniel"]
[Black "Carlstrom, Nicklas"]
[Result "1/2-1/2"]
[WhiteElo "2126"]
[BlackElo "2061"]
[PlyCount "75"]
[EventDate "2024.03.29"]
[EventType "swiss"]
[EventRounds "8"]
[EventCountry "SWE"]
[SourceTitle "CB14_2024"]
[SourceDate "2024.04.01"]
[SourceVersion "1"]
[SourceVersionDate "2024.04.01"]
[SourceQuality "1"]

1. d4 d5 2. c4 e6 3. Nc3 c5 4. cxd5 exd5 5. Nf3 Nf6 6. g3 Nc6 7. Bg2 Be7 8. 0-0 0-0 9. Be3 c4 10. Ne5 Bd6 11. f4 Ne7 12. Kh1 Be6 13. Bg1 Qa5 14. Qe1 Bb4 15. Qb1 Bxc3 16. bxc3 Ne4 17. Qxb7 Nf5 18. g4 Nfd6 19. Qb4 Qc7 20. f5 Bd7 21. Qb2 f6 22. Nxd7 Qxd7 23. Be3 Rfe8 24. Bf4 Re7 25. Rab1 Rae8 26. Bf3 g5 27. Bg3 Nxg3+ 28. hxg3 Ne4 29. Kh2 Qc7 30. Rg1 Qa5 31. Rbc1 Qc7 32. Qb5 Qd6 33. Rg2 Rd8 34. Qa5 Rb8 35. Rgg1 Kg7 36. Rg2 a6 37. Qa4 Rb2 38. Rc2 1/2-1/2

[Event "Deltalift op"]
[Site "Tylosand"]
[Date "2023.05.18"]
[Round "4"]
[White "Joensson, Oscar"]
[Black "Carlstrom, Nicklas"]
[Result "0-1"]
[WhiteElo "2073"]
[BlackElo "2130"]
[PlyCount "56"]
[EventDate "2023.05.18"]
[EventType "swiss"]
[EventRounds "8"]
[EventCountry "SWE"]
[SourceTitle "CBM 214 Extra"]
[Source "ChessBase"]
[SourceDate "2023.07.31"]
[SourceVersion "1"]
[SourceVersionDate "2023.07.31"]
[SourceQuality "1"]

1. d4 Nf6 2. c4 g6 3. Nf3 Bg7 4. g3 0-0 5. Bg2 d6 6. 0-0 Nbd7 7. Nc3 e5 8. dxe5 dxe5 9. e4 c6 10. b4 a5 11. b5 Qe7 12. Qe2 a4 13. h3 Re8 14. Ne1 Nf8 15. Nc2 Ne6 16. Ba3 Qc7 17. Rad1 Nd4 18. Nxd4 exd4 19. Rxd4 Nd7 20. Rd3 Ne5 21. Bd6 Qa5 22. Bxe5 Bxe5 23. Rc1 Be6 24. Nd1 Red8 25. f4 Rxd3 26. Qxd3 Rd8 27. Qf3 Qd2 28. Rb1 Qc2 0-1

[Event "SWE-ch Masters"]
[Site "Uppsala"]
[Date "2022.07.05"]
[Round "4"]
[White "Carlstrom, Nicklas"]
[Black "Crevatin, Leo"]
[Result "0-1"]
[WhiteElo "2125"]
[BlackElo "2259"]
[PlyCount "76"]
[EventDate "2022.07.02"]
[EventType "swiss"]
[EventRounds "9"]
[EventCountry "SWE"]
[SourceTitle "EXT 2024"]
[Source "ChessBase"]
[SourceDate "2023.10.10"]
[SourceVersion "1"]
[SourceVersionDate "2023.10.10"]
[SourceQuality "1"]

1. e4 c6 2. Nc3 d5 3. Nf3 Bg4 4. h3 Bxf3 5. Qxf3 e6 6. d4 Nf6 7. exd5 cxd5 8. Bd3 Nc6 9. Ne2 Bd6 10. Bg5 Be7 11. c3 h6 12. Bh4 a6 13. Qe3 Nh5 14. Bxe7 Qxe7 15. f4 f5 16. g4 Nf6 17. Ng3 g6 18. 0-0-0 0-0-0 19. Kb1 Kb8 20. Rhe1 Ne4 21. Nxe4 fxe4 22. Bxe4 dxe4 23. Qxe4 Qf6 24. Qxe6 Qxf4 25. Qxg6 Rd6 26. Qg7 Rhd8 27. Qh7 Qh2 28. Qd3 Rf6 29. Re2 Qd6 30. Rde1 Qd5 31. Qg3+ Ka7 32. Rf2 Rdf8 33. Rxf6 Rxf6 34. Qe3 Rf3 35. Qxh6 Qb5 36. Qe6 Qd3+ 37. Kc1 Rf2 38. Qb3 Qd2+ 0-1

[Event "SWE-ch Masters"]
[Site "Uppsala"]
[Date "2022.07.02"]
[Round "1"]
[White "Tiger Norqvist, Axel"]
[Black "Carlstrom, Nicklas"]
[Result "0-1"]
[WhiteElo "2239"]
[BlackElo "2125"]
[PlyCount "96"]
[EventDate "2022.07.02"]
[EventType "swiss"]
[EventRounds "9"]
[EventCountry "SWE"]
[SourceTitle "EXT 2024"]
[Source "ChessBase"]
[SourceDate "2023.10.10"]
[SourceVersion "1"]
[SourceVersionDate "2023.10.10"]
[SourceQuality "1"]

1. e4 e5 2. Nf3 Nc6 3. Bb5 f5 4. exf5 e4 5. Ng1 Nf6 6. d4 d5 7. Ne2 Bxf5 8. c4 a6 9. Ba4 dxc4 10. Bxc6+ bxc6 11. Qa4 Qd7 12. Qxc4 Bd6 13. Nbc3 Nd5 14. Nxd5 cxd5 15. Qc3 Qb5 16. Qc2 Bb4+ 17. Nc3 Bg4 18. h3 Bh5 19. g4 Bg6 20. Be3 0-0 21. a3 Bxc3+ 22. Qxc3 Rab8 23. b4 Rb6 24. Rc1 Be8 25. Qb3 Rc6 26. Kd2 Rc4 27. Qb1 Bg6 28. h4 Rxf2+ 29. Bxf2 e3+ 30. Bxe3 Bxb1 31. Rxb1 Qa4 32. Rhc1 Qxa3 33. Ke2 Rc3 34. Rxc3 Qxc3 35. Rc1 Qxb4 36. Rxc7 Qb5+ 37. Kf2 Qb6 38. Rc5 Qd8 39. g5 a5 40. Bd2 a4 41. Bc1 Qd7 42. h5 Qf5+ 43. Ke2 Qe4+ 44. Be3 a3 45. Ra5 Qc2+ 46. Bd2 a2 47. g6 hxg6 48. hxg6 Kf8 0-1

[Event "Lidkoping op"]
[Site "Lidkoping"]
[Date "2019.08.25"]
[Round "5"]
[White "Andersson, Fredrik1111"]
[Black "Carlstrom, Nicklas"]
[Result "1/2-1/2"]
[WhiteElo "2264"]
[BlackElo "2095"]
[PlyCount "57"]
[EventDate "2019.08.24"]
[EventType "swiss"]
[EventRounds "7"]
[EventCountry "SWE"]
[SourceTitle "EXT 2020"]
[Source "ChessBase"]
[SourceDate "2019.10.17"]
[SourceVersion "1"]
[SourceVersionDate "2019.10.17"]
[SourceQuality "1"]

1. e4 d6 2. d4 Nf6 3. Nc3 e5 4. Nf3 exd4 5. Qxd4 Be7 6. Bf4 0-0 7. 0-0-0 Nc6 8. Qd2 a6 9. Bd3 Nb4 10. Nd5 Nfxd5 11. exd5 Nxd3+ 12. Qxd3 Bg4 13. h4 Qd7 14. Rde1 Rfe8 15. Ng5 Bxg5 16. Bxg5 Rxe1+ 17. Rxe1 Re8 18. Re3 h6 19. Bf4 Bf5 20. Qc4 Rxe3 21. Bxe3 Qe7 22. g3 Qe4 23. Qxe4 Bxe4 24. c4 b5 25. c5 dxc5 26. Bxc5 Bxd5 27. a3 a5 28. Kd2 h5 29. Ke3 1/2-1/2

[Event "Lidkoping op"]
[Site "Lidkoping"]
[Date "2019.08.24"]
[Round "2"]
[White "Carlstrom, Nicklas"]
[Black "Muntean, Victor"]
[Result "1-0"]
[WhiteElo "2095"]
[BlackElo "2002"]
[PlyCount "51"]
[EventDate "2019.08.24"]
[EventType "swiss"]
[EventRounds "7"]
[EventCountry "SWE"]
[SourceTitle "EXT 2020"]
[Source "ChessBase"]
[SourceDate "2019.10.17"]
[SourceVersion "1"]
[SourceVersionDate "2019.10.17"]
[SourceQuality "1"]

1. d4 Nf6 2. Nc3 d5 3. Bf4 Bf5 4. e3 e6 5. f3 Nh5 6. Qd2 Nxf4 7. exf4 a6 8. 0-0-0 c5 9. g4 cxd4 10. Qxd4 Nc6 11. Qf2 Bg6 12. f5 exf5 13. Nxd5 Bd6 14. Qe3+ Ne7 15. Nb6 f4 16. Qb3 Rb8 17. Nc4 Nc8 18. Nxd6+ Nxd6 19. Qb4 Rc8 20. Rxd6 Rxc2+ 21. Kd1 Qe7 22. Rd4 Qe3 23. Ne2 a5 24. Qd6 Rc1+ 25. Nxc1 Qxf3+ 26. Ne2 1-0

[Event "Deltalift op"]
[Site "Halmstad"]
[Date "2014.05.29"]
[Round "2"]
[White "Carlstrom, Nicklas"]
[Black "Kockum, Anton Frisk"]
[Result "0-1"]
[WhiteElo "2056"]
[BlackElo "2326"]
[PlyCount "85"]
[EventDate "2014.03.29"]
[EventType "swiss"]
[EventRounds "8"]
[EventCountry "SWE"]
[SourceTitle "EXT 2015"]
[Source "ChessBase"]
[SourceDate "2014.11.20"]
[SourceVersion "1"]
[SourceVersionDate "2014.11.20"]
[SourceQuality "1"]

1. e4 c5 2. Nf3 Nc6 3. Bb5 g6 4. 0-0 Bg7 5. Re1 Nf6 6. Nc3 0-0 7. d3 d6 8. h3 Bd7 9. a4 Nd4 10. Bc4 Bc6 11. Nd5 Bxd5 12. exd5 a6 13. Nxd4 cxd4 14. Bg5 h6 15. Bd2 Qd7 16. a5 Rac8 17. Qf3 Rc7 18. Re2 Rb8 19. Rae1 Qd8 20. Qg3 Nh5 21. Qf3 Qf8 22. g4 Nf6 23. Qg3 Re8 24. Bb4 Rec8 25. b3 Kh7 26. f4 Ng8 27. h4 Nf6 28. g5 Nh5 29. Qf3 f6 30. f5 fxg5 31. fxg6+ Kxg6 32. Re6+ Bf6 33. Bd2 Qf7 34. Rf1 Rg8 35. hxg5 hxg5 36. Kg2 Kg7 37. Rh1 Nf4+ 38. Bxf4 gxf4 39. Qxf4 Qg6+ 40. Kf3 Kf7 41. Re2 Ke8 42. Rh6 Qg1 43. Qf5 0-1

[Event "Hallstahammar op"]
[Site "Hallstahammar"]
[Date "2001.09.09"]
[Round "6"]
[White "Astrom, Goran"]
[Black "Carlstrom, Nicklas"]
[Result "1-0"]
[WhiteElo "2327"]
[BlackElo "2143"]
[PlyCount "47"]
[EventDate "2001.??.??"]
[EventType "swiss"]
[EventRounds "7"]
[EventCountry "SWE"]
[SourceTitle "EXT 2006"]
[Source "ChessBase"]
[SourceDate "2005.11.24"]
[SourceVersion "1"]
[SourceVersionDate "2005.11.24"]
[SourceQuality "1"]

1. e4 Nc6 2. d4 e5 3. dxe5 Nxe5 4. Nf3 Nxf3+ 5. Qxf3 Qf6 6. Qg3 Bc5 7. Nc3 Ne7 8. Bc4 Qg6 9. Bf4 d6 10. 0-0 0-0 11. Rad1 Bg4 12. Rd3 Rad8 13. Qh4 Be6 14. Nd5 Bxd5 15. exd5 Nf5 16. Qh3 Rde8 17. Rf3 Nd4 18. Rg3 Qe4 19. Bh6 Ne2+ 20. Bxe2 Qxe2 21. Rxg7+ Kh8 22. Qf5 Qxf2+ 23. Qxf2 Bxf2+ 24. Rxf2 1-0

[Event "Hallsberg op 9899 34th"]
[Site "Hallsberg"]
[Date "1999.??.??"]
[Round "2"]
[White "Horn, Emilia"]
[Black "Carlstrom, Nicklas"]
[Result "0-1"]
[WhiteElo "2003"]
[BlackElo "2030"]
[PlyCount "52"]
[EventDate "1998.??.??"]
[EventType "swiss"]
[EventRounds "9"]
[EventCountry "SWE"]
[SourceTitle "EXT 2000"]
[Source "ChessBase"]
[SourceDate "1999.11.16"]
[SourceVersion "1"]
[SourceVersionDate "1999.11.16"]
[SourceQuality "1"]

1. e4 Nc6 2. d4 e5 3. d5 Nce7 4. c4 Ng6 5. Nc3 Bb4 6. Nge2 a5 7. g3 d6 8. Bg2 N8e7 9. 0-0 0-0 10. Bd2 f5 11. exf5 Bxf5 12. a3 Bc5 13. Ne4 Bxe4 14. Bxe4 Nf5 15. Qc2 Qd7 16. Kg2 a4 17. f4 Rae8 18. Bxf5 Rxf5 19. g4 Rxf4 20. Bxf4 exf4 21. h3 f3+ 22. Rxf3 Nh4+ 23. Kg3 Nxf3 24. Kxf3 Qf7+ 25. Qf5 Qxf5+ 26. gxf5 Re3+ 0-1

[Event "Hallsberg op 9899 34th"]
[Site "Hallsberg"]
[Date "1999.??.??"]
[Round "7"]
[White "Nolan, Graeme"]
[Black "Carlstrom, Nicklas"]
[Result "1/2-1/2"]
[WhiteElo "2174"]
[BlackElo "2030"]
[PlyCount "60"]
[EventDate "1998.??.??"]
[EventType "swiss"]
[EventRounds "9"]
[EventCountry "SWE"]
[SourceTitle "EXT 2000"]
[Source "ChessBase"]
[SourceDate "1999.11.16"]
[SourceVersion "1"]
[SourceVersionDate "1999.11.16"]
[SourceQuality "1"]

1. e4 Nc6 2. d4 e5 3. dxe5 Nxe5 4. Nf3 Bb4+ 5. c3 Nxf3+ 6. Qxf3 Ba5 7. b4 Bb6 8. Nd2 Qe7 9. Bd3 Nf6 10. 0-0 d6 11. Nc4 Ng4 12. a4 c6 13. Qg3 0-0 14. Nxd6 Be6 15. Bf4 Rad8 16. Be2 h5 17. Bxg4 hxg4 18. Nf5 Bxf5 19. exf5 a5 20. Rae1 Qf6 21. Qxg4 Rd5 22. Be3 c5 23. Rb1 Rc8 24. bxc5 Bxc5 25. Bxc5 Rdxc5 26. Rxb7 Rxc3 27. Rbb1 R3c4 28. Qd1 Qxf5 29. Rb5 R4c5 30. Rxc5 Qxc5 1/2-1/2